[Event "Oberliga NRW 1819"]
[Site "Germany"]
[Date "2019.03.17"]
[Round "7.8"]
[White "Schmidt, Martin3"]
[Black "Dahm, Jochen"]
[Result "1/2-1/2"]
[WhiteElo "2047"]
[BlackElo "2276"]
[PlyCount "94"]
[EventDate "2018.09.16"]
[EventType "team-tourn"]
[EventRounds "9"]
[EventCountry "GER"]
[SourceTitle "EXT 2020"]
[Source "ChessBase"]
[SourceDate "2019.10.17"]
[SourceVersion "1"]
[SourceVersionDate "2019.10.17"]
[SourceQuality "1"]
[WhiteTeam "Koeln SF"]
[BlackTeam "Bochum SG"]
[WhiteTeamCountry "GER"]
[BlackTeamCountry "GER"]

1. e4 e5 2. Nf3 Nc6 3. Bb5 Nge7 4. 0-0 g6 5. d4 exd4 6. Bg5 Bg7 7. c3 0-0 8. cxd4 h6 9. Bh4 d6 10. Bxc6 bxc6 11. Nc3 Bg4 12. Qd3 g5 13. Bg3 Rb8 14. b3 f5 15. exf5 Nxf5 16. Qc4+ Rf7 17. Qxc6 Bxf3 18. Qxf3 Bxd4 19. Qd3 Qf6 20. Ne4 Qg7 21. Rac1 Rbf8 22. Kh1 Qg6 23. Rfe1 Re7 24. Qc4+ Kh7 25. Nd2 Rfe8 26. Rxe7+ Rxe7 27. Nf3 Bb6 28. b4 Qe6 29. Qxe6 Rxe6 30. a4 a5 31. bxa5 Bxa5 32. Kg1 Re4 33. Ra1 Kg6 34. Kf1 c5 35. Rd1 c4 36. Bxd6 c3 37. g4 Nxd6 38. Rxd6+ Kg7 39. Rc6 Rxg4 40. Ne5 Rxa4 41. Nd3 Ra2 42. Kg2 Rd2 43. Nc1 Bb4 44. Rc4 Rc2 45. Nb3 Rb2 46. Rxb4 c2 47. Rc4 Rxb3 1/2-1/2

[Event "BL2-West 1617"]
[Site "Germany"]
[Date "2016.11.20"]
[Round "2.6"]
[White "Dahm, Jochen"]
[Black "Miedema, David"]
[Result "0-1"]
[WhiteElo "2279"]
[BlackElo "2362"]
[PlyCount "72"]
[EventDate "2016.10.16"]
[EventType "team-tourn"]
[EventRounds "9"]
[EventCountry "GER"]
[SourceTitle "EXT 2018"]
[Source "ChessBase"]
[SourceDate "2017.10.13"]
[SourceVersion "1"]
[SourceVersionDate "2017.10.13"]
[SourceQuality "1"]
[WhiteTeam "Bochum"]
[BlackTeam "Duesseldorf"]
[WhiteTeamCountry "GER"]
[BlackTeamCountry "GER"]

1. e4 e6 2. d4 d5 3. Nc3 Bb4 4. e5 c5 5. a3 Bxc3+ 6. bxc3 Ne7 7. Qg4 0-0 8. Bd3 Nbc6 9. Qh5 Ng6 10. Nf3 Qc7 11. Be3 c4 12. Bxg6 fxg6 13. Qg4 Qf7 14. Ng5 Qe8 15. h4 Bd7 16. Qe2 b5 17. g4 Qe7 18. h5 gxh5 19. Nxh7 Kxh7 20. Rxh5+ Kg6 21. Kd2 Rh8 22. Bg5 Qf7 23. Rah1 Rxh5 24. Rxh5 Rf8 25. f4 Qg8 26. Qh2 Kf7 27. Rh7 Ke8 28. Qh4 Qf7 29. Kc1 Qg6 30. Kb2 a5 31. Qh1 b4 32. axb4 axb4 33. Rh5 b3 34. cxb3 cxb3 35. Kxb3 Na5+ 36. Ka3 Qc2 0-1

[Event "Muensterland op 32d"]
[Site "Senden"]
[Date "2014.10.17"]
[Round "8"]
[White "Dahm, Jochen"]
[Black "Mueller, Martin"]
[Result "1-0"]
[WhiteElo "2282"]
[BlackElo "2119"]
[PlyCount "63"]
[EventDate "2014.10.??"]
[EventType "swiss"]
[EventRounds "9"]
[EventCountry "GER"]
[SourceTitle "EXT 2017"]
[Source "ChessBase"]
[SourceDate "2016.10.25"]
[SourceVersion "1"]
[SourceVersionDate "2016.10.25"]
[SourceQuality "1"]

1. e4 e6 2. d4 d5 3. Nc3 Nf6 4. Bg5 Bb4 5. exd5 Qxd5 6. Nf3 Ne4 7. Bd2 Bxc3 8. bxc3 b5 9. a4 Nxd2 10. Qxd2 bxa4 11. c4 Qe4+ 12. Be2 Nc6 13. 0-0 0-0 14. Bd3 Qg4 15. Rfe1 Rb8 16. Re4 Qg6 17. c3 Rd8 18. Rxa4 Bb7 19. Re1 Qg4 20. h3 Qh5 21. Qf4 Rd7 22. Raa1 a6 23. Ng5 h6 24. Nf3 g5 25. Qe4 Kf8 26. Qh7 g4 27. hxg4 Qxg4 28. Qxh6+ Qg7 29. Qxg7+ Kxg7 30. Be4 f6 31. Rab1 Na5 32. Bxb7 1-0

[Event "Muensterland op 32d"]
[Site "Senden"]
[Date "2014.10.12"]
[Round "4"]
[White "Dahm, Jochen"]
[Black "Boehm, Juergen1"]
[Result "1/2-1/2"]
[WhiteElo "2282"]
[BlackElo "2172"]
[PlyCount "84"]
[EventDate "2014.10.??"]
[EventType "swiss"]
[EventRounds "9"]
[EventCountry "GER"]
[SourceTitle "EXT 2017"]
[Source "ChessBase"]
[SourceDate "2016.10.25"]
[SourceVersion "1"]
[SourceVersionDate "2016.10.25"]
[SourceQuality "1"]

1. e4 e6 2. d4 d5 3. Nd2 Nf6 4. Bd3 c5 5. c3 cxd4 6. cxd4 dxe4 7. Nxe4 Bb4+ 8. Nc3 0-0 9. Nf3 b6 10. 0-0 Bb7 11. a3 Be7 12. Re1 Nbd7 13. Bc2 a6 14. Qd3 Re8 15. Bg5 Rc8 16. Rad1 Nf8 17. Ne5 Nd5 18. Bd2 Bg5 19. Qf3 Rc7 20. Bxg5 Qxg5 21. Be4 Nxc3 22. bxc3 Bxe4 23. Rxe4 Ng6 24. Nxg6 Qxg6 25. d5 Rd7 26. d6 Red8 27. Red4 e5 28. R4d2 e4 29. Qe3 b5 30. Qb6 Qe6 31. Rd5 h6 32. Qd4 f5 33. a4 f4 34. axb5 axb5 35. f3 exf3 36. gxf3 Rxd6 37. Rxd6 Rxd6 38. Qxd6 Qe3+ 39. Kg2 Qe2+ 40. Kg1 Qe3+ 41. Kg2 Qe2+ 42. Kg1 Qe3+ 1/2-1/2

[Event "NRW Class1 1314"]
[Site "Germany"]
[Date "2013.11.17"]
[Round "3.1"]
[White "Dahm, Jochen"]
[Black "Hort, Vlastimil"]
[Result "1/2-1/2"]
[WhiteElo "2248"]
[BlackElo "2388"]
[PlyCount "94"]
[EventDate "2013.09.15"]
[EventType "team-tourn"]
[EventRounds "9"]
[EventCountry "GER"]
[SourceTitle "EXT 2015"]
[Source "ChessBase"]
[SourceDate "2014.11.20"]
[SourceVersion "1"]
[SourceVersionDate "2014.11.20"]
[SourceQuality "1"]
[WhiteTeam "Bochum II"]
[BlackTeam "Oberhausen"]
[WhiteTeamCountry "GER"]
[BlackTeamCountry "GER"]

1. e4 e5 2. Nf3 Nc6 3. Bb5 a6 4. Ba4 d6 5. 0-0 Bd7 6. c3 g6 7. d4 Bg7 8. Re1 Nge7 9. d5 Nb8 10. Bxd7+ Nxd7 11. c4 h6 12. Nc3 0-0 13. b4 f5 14. Nd2 Nf6 15. a4 h5 16. Nf3 Nh7 17. Ng5 Nxg5 18. Bxg5 f4 19. Bxe7 Qxe7 20. f3 a5 21. Rb1 axb4 22. Rxb4 b6 23. Rb5 g5 24. Re2 Ra7 25. Ra2 Rfa8 26. c5 bxc5 27. Qb3 Qd8 28. Rb2 Bf6 29. Ra2 Qc8 30. Nb1 Ra5 31. Nd2 g4 32. Rxa5 Rxa5 33. Nc4 Ra8 34. Rb2 gxf3 35. gxf3 Qa6 36. a5 h4 37. Qb7 Qxb7 38. Rxb7 h3 39. Kf1 Bd8 40. Ke2 Kg7 41. Rb1 Bf6 42. Ra1 Ra6 43. Rb1 Ra8 44. Rb2 Bh4 45. Kf1 Bg5 46. Ra2 Ra6 47. Rb2 Ra8 1/2-1/2

[Event "Leiden LCT op-A 7th"]
[Site "Leiden"]
[Date "2013.07.18"]
[Round "6"]
[White "Dahm, Jochen"]
[Black "Van der Raaf, Erik"]
[Result "0-1"]
[WhiteElo "2304"]
[BlackElo "2140"]
[PlyCount "76"]
[EventDate "2013.07.12"]
[EventType "swiss"]
[EventRounds "9"]
[EventCountry "NED"]
[SourceTitle "CBM 155 Extra"]
[Source "ChessBase"]
[SourceDate "2013.08.26"]
[SourceVersion "1"]
[SourceVersionDate "2013.08.26"]
[SourceQuality "1"]

1. Nf3 d5 2. g3 Nc6 3. Bg2 e5 4. d3 Be7 5. Nbd2 Bg4 6. h3 Be6 7. c3 Qd7 8. b4 a6 9. a3 f5 10. Nb3 Nf6 11. d4 Ne4 12. dxe5 Nxc3 13. Qc2 Ne4 14. Be3 0-0 15. Nbd4 Nxd4 16. Nxd4 Rac8 17. 0-0 c5 18. Nxe6 Qxe6 19. bxc5 Qxe5 20. Bxe4 fxe4 21. Rab1 Rc6 22. Rb6 Rfc8 23. Rxc6 Rxc6 24. Rd1 Bxc5 25. Bxc5 b6 26. Qb3 bxc5 27. Rxd5 c4 28. Qd1 Qe6 29. Rd8+ Kf7 30. Rd7+ Ke8 31. Rd4 c3 32. Qc2 Rc4 33. Qb3 Rc6 34. Qb8+ Rc8 35. Rxe4 Rxb8 36. Rxe6+ Kd7 37. Re3 c2 38. Rd3+ Ke7 0-1

[Event "BL2-West 1112"]
[Site "Germany"]
[Date "2012.04.15"]
[Round "9.6"]
[White "Huhndorf, Arnold"]
[Black "Dahm, Jochen"]
[Result "0-1"]
[WhiteElo "2277"]
[BlackElo "2335"]
[PlyCount "88"]
[EventDate "2011.10.02"]
[EventType "team-tourn"]
[EventRounds "9"]
[EventCountry "GER"]
[SourceTitle "EXT 2015"]
[Source "ChessBase"]
[SourceDate "2014.11.20"]
[SourceVersion "1"]
[SourceVersionDate "2014.11.20"]
[SourceQuality "1"]
[WhiteTeam "Koeln SF"]
[BlackTeam "Bochum SG"]
[WhiteTeamCountry "GER"]
[BlackTeamCountry "GER"]

1. c4 Nf6 2. g3 c5 3. Bg2 Nc6 4. Nc3 g6 5. Nf3 Bg7 6. d4 Nxd4 7. Nxd4 cxd4 8. Qxd4 0-0 9. 0-0 d6 10. Qd3 Be6 11. Bxb7 Rb8 12. Bg2 Qa5 13. Rb1 Nd7 14. Nd5 Bxd5 15. Qxd5 Qxa2 16. Bg5 Nf6 17. Qd4 Rfc8 18. b3 Rc5 19. Qd2 Qa3 20. Be3 Rc7 21. Qc1 Qb4 22. Qd2 Nd7 23. Qxb4 Rxb4 24. Bd2 a5 25. Bxb4 axb4 26. Be4 Nc5 27. Bc2 Ra7 28. Kg2 Ra2 29. Bd1 Bd4 30. Re1 Ne4 31. f4 Be3 32. Kf3 Nd2+ 33. Kxe3 Nxb1 34. Kd3 Rd2+ 35. Ke3 Rb2 36. Bc2 Nc3 37. Kd3 f5 38. e3 Ne4 39. Rc1 Nc5+ 40. Kd4 Rxb3 41. Rb1 Rc3 42. Rb2 e6 43. Ra2 Rd3+ 44. Bxd3 Nb3# 0-1

[Event "BL2-West 1112"]
[Site "Germany"]
[Date "2012.03.18"]
[Round "8.6"]
[White "Dahm, Jochen"]
[Black "Schroeder, Jan Christian"]
[Result "1/2-1/2"]
[WhiteElo "2335"]
[BlackElo "2235"]
[PlyCount "74"]
[EventDate "2011.10.02"]
[EventType "team-tourn"]
[EventRounds "9"]
[EventCountry "GER"]
[SourceTitle "EXT 2015"]
[Source "ChessBase"]
[SourceDate "2014.11.20"]
[SourceVersion "1"]
[SourceVersionDate "2014.11.20"]
[SourceQuality "1"]
[WhiteTeam "Bochum SG"]
[BlackTeam "Hofheim"]
[WhiteTeamCountry "GER"]
[BlackTeamCountry "GER"]

1. e4 e5 2. Nf3 Nc6 3. Bb5 a6 4. Ba4 Nf6 5. 0-0 Be7 6. Re1 b5 7. Bb3 d6 8. c3 0-0 9. d4 Bg4 10. Be3 Nxe4 11. Bd5 Qd7 12. Bxe4 d5 13. Bc2 e4 14. h3 Bxf3 15. gxf3 Qxh3 16. fxe4 f5 17. e5 f4 18. Nd2 Bg5 19. Qf3 Qh6 20. Qxd5+ Kh8 21. Qe4 fxe3 22. fxe3 Qh3 23. Re2 Ne7 24. Rae1 Nf5 25. Qg2 Qxg2+ 26. Kxg2 g6 27. Nf3 Bh6 28. e4 Ng7 29. d5 Nh5 30. Rf2 Bf4 31. Rd1 Bg5 32. e6 Be3 33. Rff1 Nf4+ 34. Kg3 Ne2+ 35. Kg2 Nf4+ 36. Kg3 Ne2+ 37. Kg2 Nf4+ 1/2-1/2

[Event "BL2-West 1112"]
[Site "Germany"]
[Date "2012.01.15"]
[Round "5.6"]
[White "Lemmers, Oscar"]
[Black "Dahm, Jochen"]
[Result "1-0"]
[WhiteElo "2382"]
[BlackElo "2335"]
[PlyCount "119"]
[EventDate "2011.10.02"]
[EventType "team-tourn"]
[EventRounds "9"]
[EventCountry "GER"]
[SourceTitle "EXT 2015"]
[Source "ChessBase"]
[SourceDate "2014.11.20"]
[SourceVersion "1"]
[SourceVersionDate "2014.11.20"]
[SourceQuality "1"]
[WhiteTeam "Aachen"]
[BlackTeam "Bochum SG"]
[WhiteTeamCountry "GER"]
[BlackTeamCountry "GER"]

1. e4 e5 2. Nc3 Nf6 3. Nf3 Nc6 4. Bb5 Nd4 5. 0-0 Nxb5 6. Nxb5 a6 7. Nc3 d6 8. d4 exd4 9. Nxd4 Be7 10. Qf3 0-0 11. Bg5 c6 12. h3 Qa5 13. Bf4 Be6 14. Rad1 Rad8 15. Rfe1 Nd7 16. Qg3 Ne5 17. Bh6 Ng6 18. Bd2 Qe5 19. Qe3 c5 20. Nf3 Qh5 21. b3 Ne5 22. Nxe5 dxe5 23. Ne2 f6 24. Ba5 Rxd1 25. Rxd1 f5 26. exf5 Qxf5 27. Ng3 Qxc2 28. Rd2 Qb1+ 29. Kh2 Qg6 30. Qxe5 Qf6 31. Qe3 b5 32. Re2 Kf7 33. Bc3 Qg6 34. Qe5 Rd8 35. Ne4 Bd5 36. g3 Bxe4 37. Rxe4 Bf8 38. Qc7+ Kg8 39. Rg4 Qf7 40. Rxg7+ Bxg7 41. Qxd8+ Bf8 42. Kg2 Qe6 43. Qg5+ Kf7 44. Qh5+ Kg8 45. Qg5+ Kf7 46. Qh5+ Kg8 47. Qe5 Qxe5 48. Bxe5 Kf7 49. Kf3 Ke6 50. Ke4 a5 51. f4 c4 52. f5+ Kf7 53. bxc4 b4 54. Kd5 a4 55. c5 b3 56. axb3 axb3 57. c6 Ke8 58. f6 Ba3 59. Ke6 Kd8 60. f7 1-0

[Event "Oberliga NRW 1112"]
[Site "Germany"]
[Date "2011.10.09"]
[Round "2.2"]
[White "Dahm, Jochen"]
[Black "Burg, Twan"]
[Result "0-1"]
[WhiteElo "2296"]
[BlackElo "2467"]
[PlyCount "202"]
[EventDate "2011.09.18"]
[EventType "team-tourn"]
[EventRounds "9"]
[EventCountry "GER"]
[SourceTitle "EXT 2015"]
[Source "ChessBase"]
[SourceDate "2014.11.20"]
[SourceVersion "1"]
[SourceVersionDate "2014.11.20"]
[SourceQuality "1"]
[WhiteTeam "Bochum SG II"]
[BlackTeam "Emsdetten Turm II"]
[WhiteTeamCountry "GER"]
[BlackTeamCountry "GER"]

1. e4 c5 2. c3 d5 3. exd5 Qxd5 4. d4 Nf6 5. Nf3 Bg4 6. Nbd2 e6 7. Bc4 Qc6 8. Qb3 a6 9. 0-0 Nbd7 10. h3 Bh5 11. Re1 Be7 12. Ne5 Nxe5 13. dxe5 Nd7 14. a4 Rd8 15. Bf1 Bg6 16. Nc4 0-0 17. g3 b5 18. axb5 axb5 19. Na5 Qc7 20. Bf4 b4 21. Bg2 Nb6 22. c4 Rd3 23. Qa2 b3 24. Qa3 h6 25. Re3 Rfd8 26. Bf1 Rxe3 27. Bxe3 Ra8 28. Qxb3 Nd7 29. Qb5 Nxe5 30. Bg2 Rb8 31. Nb7 Nd7 32. Rd1 Nf6 33. b4 e5 34. bxc5 Bf5 35. c6 Ne4 36. Bb6 Qc8 37. c7 Qxb7 38. Qxe5 Rf8 39. Qxf5 Qxb6 40. c8Q Nxf2 41. Kh2 Nxd1 42. Qcd7 Ne3 43. Qe4 Bc5 44. Qdc6 Qa5 45. Qb5 Qe1 46. Qbb1 Qxb1 47. Qxb1 Nxg2 48. Kxg2 Rd8 49. Qb5 Bf8 50. c5 Rd5 51. Qe8 Rxc5 52. g4 Rc2+ 53. Kf3 Rc3+ 54. Kg2 g6 55. Qe4 Ra3 56. Qe8 Ra7 57. Qb8 Rd7 58. Qe8 Rd4 59. Qc8 Re4 60. Qa8 Re2+ 61. Kf3 Re6 62. Kg2 Kg7 63. Qd5 Be7 64. Qd3 Bh4 65. Qc3+ Rf6 66. Kg1 Kh7 67. Qb3 Rf4 68. Qb7 Rf2 69. Qb3 Kg7 70. Qd3 Rb2 71. Kf1 Bf6 72. Kg1 Ra2 73. Kf1 Ra5 74. Kg1 Rc5 75. Qe4 h5 76. gxh5 Rxh5 77. Qd3 Rg5+ 78. Kh1 Be5 79. Qe4 f6 80. Qb7+ Kh6 81. Qc8 Rg3 82. Qe6 Kh5 83. Qd7 Kg5 84. Qd2+ Bf4 85. Qd7 Kh6 86. Qe6 f5 87. Qf6 Rxh3+ 88. Kg2 Rg3+ 89. Kf2 Kh5 90. Qh8+ Kg4 91. Qh7 g5 92. Qd7 Be3+ 93. Ke2 Rf3 94. Qd5 Rh3 95. Qg2+ Kh4 96. Qc6 f4 97. Qh6+ Kg4 98. Qe6+ Kg3 99. Qe4 Rh2+ 100. Ke1 f3 101. Qxe3 Re2+ 0-1

[Event "Oberliga NRW 1112"]
[Site "Germany"]
[Date "2011.09.18"]
[Round "1.2"]
[White "Molinaroli, Martin"]
[Black "Dahm, Jochen"]
[Result "0-1"]
[WhiteElo "2232"]
[BlackElo "2296"]
[PlyCount "50"]
[EventDate "2011.09.18"]
[EventType "team-tourn"]
[EventRounds "9"]
[EventCountry "GER"]
[SourceTitle "EXT 2015"]
[Source "ChessBase"]
[SourceDate "2014.11.20"]
[SourceVersion "1"]
[SourceVersionDate "2014.11.20"]
[SourceQuality "1"]
[WhiteTeam "Muenster SK"]
[BlackTeam "Bochum SG II"]
[WhiteTeamCountry "GER"]
[BlackTeamCountry "GER"]

1. e4 e5 2. Nf3 d6 3. d4 exd4 4. Nxd4 Nf6 5. Nc3 Be7 6. Bf4 0-0 7. Qd2 a6 8. 0-0-0 b5 9. f3 c5 10. Nf5 Bxf5 11. exf5 Nc6 12. Kb1 Nd4 13. g4 b4 14. Ne2 Nb5 15. g5 Rb8 16. Rg1 Qa5 17. Ka1 c4 18. Nd4 Rfc8 19. Nxb5 axb5 20. gxf6 Bxf6 21. Kb1 Ra8 22. a3 Bxb2 23. c3 Bxc3 24. Qc1 bxa3 25. Bh3 Qb4+ 0-1

[Event "NRW Class1 1011"]
[Site "Germany"]
[Date "2011.01.30"]
[Round "6.1"]
[White "Muschik, Benedikt"]
[Black "Dahm, Jochen"]
[Result "1/2-1/2"]
[WhiteElo "2303"]
[BlackElo "2362"]
[PlyCount "134"]
[EventDate "2010.09.26"]
[EventType "team-tourn"]
[EventRounds "9"]
[EventCountry "GER"]
[SourceTitle "EXT 2012"]
[Source "ChessBase"]
[SourceDate "2011.11.24"]
[SourceVersion "1"]
[SourceVersionDate "2011.11.24"]
[SourceQuality "1"]
[WhiteTeam "Neuenkirchen"]
[BlackTeam "Bochum II"]
[WhiteTeamCountry "GER"]
[BlackTeamCountry "GER"]

1. d4 c5 2. c3 cxd4 3. cxd4 d5 4. Bf4 Qb6 5. Nc3 Nf6 6. Rc1 Nc6 7. e3 a6 8. Bd3 Qxb2 9. Nf3 Qb6 10. 0-0 e6 11. Ne5 Nxe5 12. Bxe5 Bd6 13. Qa4+ Bd7 14. Bb5 Bxb5 15. Nxb5 Qxb5 16. Qxb5+ axb5 17. Bxd6 Ne4 18. Bb4 Kd7 19. Rc2 Rhc8 20. Rb2 Rc4 21. f3 Nf6 22. Rfb1 Ne8 23. Bc5 Nc7 24. Bb6 Ra3 25. Bxc7 Rxc7 26. Rxb5 Rxe3 27. Rxb7 Re1+ 28. Rxe1 Rxb7 29. Re2 Rb4 30. Rd2 g5 31. Kf2 Kd6 32. Ke3 f6 33. Kd3 e5 34. dxe5+ fxe5 35. Kc3 Rc4+ 36. Kb3 g4 37. a4 gxf3 38. gxf3 Rf4 39. Rd3 d4 40. Kc4 Rh4 41. Rd2 Rf4 42. Rd3 Rf8 43. Rb3 Rc8+ 44. Kd3 Rc1 45. f4 Rd1+ 46. Ke2 Ra1 47. fxe5+ Kxe5 48. Kd3 Rxa4 49. Rb5+ Kf6 50. Rh5 Kg6 51. Rh4 Ra3+ 52. Kd2 d3 53. Rg4+ Kh5 54. Rg3 Kh4 55. Rxd3 Ra2+ 56. Ke1 Rxh2 57. Kf1 h5 58. Ra3 Rb2 59. Kg1 Rb6 60. Ra4+ Kg3 61. Ra3+ Kg4 62. Ra4+ Kg5 63. Ra5+ Kh6 64. Kg2 Rg6+ 65. Kh3 Rc6 66. Ra4 Rc5 67. Kh4 Rb5 1/2-1/2

[Event "NRW Class2 0910"]
[Site "Germany"]
[Date "2009.12.20"]
[Round "4.2"]
[White "Schmuecker, Marcus"]
[Black "Dahm, Jochen"]
[Result "0-1"]
[WhiteElo "2223"]
[BlackElo "2329"]
[PlyCount "62"]
[EventDate "2009.09.20"]
[EventType "team-tourn"]
[EventRounds "9"]
[EventCountry "GER"]
[SourceTitle "EXT 2011"]
[Source "ChessBase"]
[SourceDate "2010.11.26"]
[SourceVersion "1"]
[SourceVersionDate "2010.11.26"]
[SourceQuality "1"]
[WhiteTeam "Iserlohn Koenigsspringer"]
[BlackTeam "Bochum SG II"]
[WhiteTeamCountry "GER"]
[BlackTeamCountry "GER"]

1. d4 Nf6 2. c4 c5 3. d5 b5 4. cxb5 a6 5. bxa6 g6 6. Nc3 Bxa6 7. f4 Bg7 8. Nf3 0-0 9. e4 Bxf1 10. Kxf1 d6 11. g3 e6 12. dxe6 fxe6 13. e5 dxe5 14. Qxd8 Rxd8 15. Nxe5 Nbd7 16. Ke2 Nd5 17. Nxd7 Rxd7 18. Nxd5 exd5 19. Kf3 Kf7 20. h4 h5 21. Rh2 Rda7 22. Rc2 c4 23. g4 Rxa2 24. Rxa2 Rxa2 25. gxh5 gxh5 26. Rg2 Ra1 27. Rc2 Bf6 28. Kg3 Ra2 29. Rd2 d4 30. Kf3 d3 31. b3 Rxd2 0-1